Place names containing "hand" - Statistics

General Stats
  • This quiz has been taken 4 times
  • The average score is 6 of 10
Answer Stats
Clue Geographical entity % Correct
Phoenix suburb; the name means a supplier of equipment for boats Chandler
100%
City, union territory and capital of two different states of India (Punjab and Haryana) Chandigarh
67%
Southampton suburb with the same name, plus a word for a river crossing Chandler's Ford
67%
Birmingham district infamous for its riots in the 1980s Handsworth
67%
State of eastern India with its capital at Ranchi Jharkhand
67%
With a similar name to the above, but an A and H added, a village in Westmeath, Ireland Shandonagh
67%
Chinese province with over 100 million inhabitants Shandong
67%
Himalayan state in India; Rishikesh, which the Beatles visited, is located here Uttarakhand
67%
Large city in Hebei, one of the oldest in China Handan
0%
Burmese port, and river, located by the NW coast Thandwe
0%
No matching quizzes found
Score Distribution
Percent of People with Each Score
Percentile by Number Answered
Your Score History
You have not taken this quiz